Formula One Drivers in 2000 Season - Statistics

General Stats
  • This quiz has been taken 268 times
  • The average score is 15 of 23
Answer Stats
Hint Answer % Correct
McLaren Mercedes Mika Hakkinen
98%
Ferrari Rubens Barrichello
94%
McLaren Mercedes David Coulthard
93%
Ferrari Michael Schumacher
92%
Williams BMW Ralf Schumacher
86%
Williams BMW Jenson Button
82%
Jaguar Cosworth Eddie Irvine
78%
BAR Honda Jacques Villeneuve
77%
Jordan Mugen-Honda Heinz Harald Frentzen
76%
Benetton Playlife Giancarlo Fisichella
75%
Jordan Mugen-Honda Jarno Trulli
75%
Prost Peugeot Jean Alesi
71%
Jaguar Cosworth Johnny Herbert
57%
Arrows Supertec Jos Verstappen
54%
Benetton Playife Alexander Wurz
52%
Prost Peugeot Nick Heidfeld
51%
BAR Honda Ricardo Zonta
47%
Arrows Supertec Pedro de la Rosa
46%
Sauber Petronas Mika Salo
44%
Sauber Petronas Pedro Diniz
37%
Minardi Fondmetal Marc Gene
36%
Jaguar Cosworth Luciano Burti
32%
Minardi Fondmetal Gaston Mazzacane
30%
No matching quizzes found
Score Distribution
Percent of People with Each Score
Percentile by Number Answered
Your Score History
You have not taken this quiz